000 00346nam a2200133Ia 4500
008 231129s9999||||xx |||||||||||||| ||spa||
020 _a84-204-0063-7
040 _bspa
082 _a869.3 S243m
100 _aSaramago José
245 0 _aLas maletas del viajero
264 _aAlfaguara
942 _2ddc
_cBKS
999 _c18807
_d18807